000 01101nam a22003617a 4500
001 BR0503266
003 BR-BrBNA
005 20230928101924.0
007 ta
008 230509b bl.||||| |||| 00| 0 por d
040 _aBR-BrBNA
_bpor
_cBiblioteca Nacional de Agricultura
041 _a(Por)
072 _aE16; E71
_b0150
090 _ 0150 BR0503266
100 1 _aFerreira, C.M.
100 1 _aSousa, I.S.F. de
100 1 _aVillar, P.M. del(eds.)
110 1 _aEMBRAPA Arroz e Feijão, Santo Antônio de Goiás, GO (Brasil)
245 1 _aDesenvolvimento tecnológico e dinâmica da produção de arroz de terras altas no Brasil
260 3 _aSanto Antônio de Goiás, GO (Brasil):
_c2005.
300 _a118 p.
500 _aBibliography p. 115-118; 37 tables; 28 illus.
650 _aARROZ
650 _aVARIEDADE
650 _aCUSTO DE PRODUÇÃO
650 _aMERCADO NACIONAL
650 _aMERCADO INTERNACIONAL
650 _aINDÚSTRIA AGRÍCOLA
650 _aANÁLISE COMPARATIVA
650 _aPRODUTIVIDADE
909 _a202309
_bLucia
_c55
_dLucia Elande
942 _cBK
999 _c68230
_d68230